000 00883cam a2200289 i 4500
005 20260322212032.0
008 data
010 _a 79052505
020 _a0873582012 :
_c{dollar}19.50
020 _a0873582020 (pbk.)
020 _a9780873582018 :
_c{dollar}19.50
020 _a9780873582025 (pbk.)
040 _aDLC
_cDLC
_dDLC
043 _an-us-ca
050 0 0 _aF868.S5
_bP46
082 0 0 _a979.4/4
092 _a979.4 P46 1980
100 1 _aPerkins, Peter.
245 1 0 _aCowboys of the High Sierra /
_cPeter Perkins.
250 _a1st ed.
260 _aFlagstaff, Ariz. :
_bNorthland Press,
_cc1980.
300 _axiii, 141 p. :
_bill. ;
_c21 x 24 cm.
650 0 _aCowboys
_zSierra Nevada Mountains (Calif. and Nev.)
650 0 _aCowboys
_zSierra Nevada (Calif. and Nev.)
_xBiography.
651 0 _aSierra Nevada (Calif. and Nev.)
_xSocial life and customs.
001 data
999 _c750
_d750